Najwięcej minut Premier League w sezonie 2023/24 - Statystyki

Ogólne statystyki
  • Ten quiz został rozwiązany 205 razy
  • Średni wynik to 4 z 10
Statystyki odpowiedzi
Miejsce Zawodnik Klub Rozegrane minuty % Poprawnych
1 André Onana Manchester United 3.420
77%
1 William Saliba Arsenal 3.420
66%
1 Jordan Pickford Everton 3.420
60%
1 Guglielmo Vicario Tottenham Hotspur 3.420
58%
1 Bernd Leno Fulham 3.420
26%
1 James Tarkowski Everton 3.420
25%
10 Dominic Solanke Bournemouth 3.334
23%
9 Thomas Kaminski Luton Town 3.406
20%
1 Max Kilman Wolverhampton 3.420
9%
8 Joachim Andersen Crystal Palace 3.417
6%
Nie znaleziono quizów pasujących do podanych kryteriów
Rozkład punktacji
Procent ludzi z każdym wynikiem
Percentyl według liczby udzielonych odpowiedzi
Twoja historia wyników
Nie rozwiązałeś tego quizu